Normal view
MARC view
- HASSAM,HAMMAD
Entry Personal Name
001 - CONTROL NUMBER
- control field: 72143
003 - CONTROL NUMBER IDENTIFIER
- control field: NUST
005 - DATE AND TIME OF LATEST TRANSACTION
- control field: 20210628204740.0
008 - FIXED-LENGTH DATA ELEMENTS
- fixed length control field: 210628|| aca||aabn | a|a d
040 ## - CATALOGING SOURCE
- Original cataloging agency: NUST
- Transcribing agency: NUST
100 ## - HEADING--PERSONAL NAME
- Personal name: HASSAM,HAMMAD
670 ## - SOURCE DATA FOUND
- Source citation: Work cat.: (NUST): HASSAM,HAMMAD, PR-SOF-1113-STUDY OF SUSPENSION SYSTEM OF A TRACK VEHICLE AND DESIGN ANLYSIS OF TORISION BAR OF MAIN BATTLE TANK AL-KHALID, 2011
